Pokémon de type Poison - Mort Subite - Statistiques

Statistiques générales
  • Ce quiz a été pris 319 fois
    15 depuis la dernière actualisation
  • Le résultat moyen est 14 sur 20
Answers on the Grid
Answers color-coded by a green-red scale on the quiz's grid according to % correct below.
Vorastérie
Kravarech
Abo
Nidoking
Farfurex
Favianos
Éthernatos
Dardargnan
Drascore
Bulbizarre
Floréclat
Rozbouton
Spectrum
Nosferapti
Tadmorv
Moufouette
Smogogo
Salarsen
Qwilpik
Vémini
Mangriff
Hyporoi
Frison
Sépiatop
Léopardus
Crustabri
Mentali
Tritosor
Scrutella
Mucuscule
Tokopisco
Corvaillus
Grimalin
Morpeko
Wimessir
Théffroi
 
Statistiques - réponses
Réponse % Correct
Smogogo
93%
Nosferapti
87%
Spectrum
87%
Moufouette
80%
Nidoking
80%
Tadmorv
80%
Vémini
80%
Abo
73%
Bulbizarre
73%
Kravarech
67%
Drascore
60%
Farfurex
60%
Qwilpik
60%
Vorastérie
60%
Dardargnan
53%
Éthernatos
53%
Floréclat
53%
Rozbouton
53%
Salarsen
53%
Favianos
47%
Aucun quiz correspondant
Distribution des résultats
% des personnes avec chaque résultat
Percentile par nombre de réponses
Votre historique - résultats
Vous n’avez pas pris ce quiz depuis la dernière actualisation